000
00228 a2200097 4500
001
43657
100
_a
French
245
_a
A pictorial English grammar part one
260
_a
London
_b
Oxford Univ press
_c
090
_c
27455
_d
27455
942
_a
NUST-CAE
_c
M
_c
19397
999
_c
278730
_d
278730